000 01253nam a22003017a 4500
003 OSt
005 20230503132736.0
008 221006b |||||||| |||| 00| 0 eng d
040 _cBiblioteca Lado V
082 _a709.05
_bR643f
100 _9825
_aRoberts, James
_eeditor
245 _aFrieze/
_bContemporary Art And Culture/
260 _bDurian Publications Ltd.
_aInglaterra
_c2003
300 _c23x30cm
_a128p.
366 _eeng
490 _a76
_v2003
505 _tColumns
_aOpera Art Cultural politics Art Being there Radio Books Interview
505 _tFeatures
_aPicture: Rossetti;s Wombat Talking stock Private lives The ugly truth Slices of life The right stuff Periodic tables Adaptation The vortex
505 _tReviews
650 _2Tesauro de Arte & Arquitectura
_aARTE
_9703
650 _2Tesauro de Arte & Arquitectura
_aEXPOSICIONES
650 _2Tesauro de Arte & Arquitectura
_aCULTURA
650 _2Tesauro de Arte & Arquitectura
_aAPRECIACION
650 _2Tesauro de Arte & Arquitectura
_aTEORIA
650 _2Tesauro de Arte & Arquitectura
_aARTE CONTEMPORANEO
650 _2Tesauro de Arte & Arquitectura
_aINGLATERRA
942 _2ddc
_c1
_h709.05
_iR643f
_n0
999 _c3529
_d3529